000 00234nam a2200097Ia 4500
005 20251222114356.0
008 251222s1900||||xx |||||||||||||| ||spa||
082 _aDVD0120/L25/2000
245 0 _aIl Trovatore: Giuseppe Verdi:
942 _cDVD
999 _c1442
_d1442